000 02672nam a2200385 i 4500
001 181430
003 ES-MaACL
005 20250808063549.0
008 130116e2012 sp a |||| |dspa d
017 _aM 6945-2012
_bOficina Depósito Legal Madrid
020 _a978-84-15272-25-0
_q(Sociedad Estatal de Acción Cultural)
020 _a978-84-936900-1-4
_q(Ayuntamiento de Baeza)
080 _a929 Machado, Antonio (060.64)
080 _a94(4960.352 Baeza)"19"(060.64)
245 0 0 _aAntonio Machado y Baeza, 1912-2012, cien años de un encuentro :
_bsala de exposiciones, Ayuntamiento de Baeza, del 22 de febrero al 1 de noviembre de 2012 /
_corganizan [Centenario Antonio Machado y Baeza, 1912-2012] Ayuntamiento de Baeza, AC/E, Acción Cultural Española ; colaboran, Junta de Andalucía ... [et al. ; comisario, José Luis Chicharro Chamorro ; textos, Rafael Alarcón Sierra ... et al.]
260 _a[Madrid] :
_bSociedad Estatal de Acción Cultural ;
_a[Baeza, Jaén] :
_bAyuntamiento de Baeza,
_c[2012]
300 _a251 páginas :
_bilustraciones (blanco y negro y color), mapa, planos ;
_c26 cm +
_e1 DVD-ROM
504 _aReferencias bibliográficas
520 _aEl libro recorre, a través del análisis de expertos en una decena de artículos y casi dos centenares de piezas que estuvieron en la exposición -entre manuscritos, cartas, primeras ediciones, fotografías, retratos del poeta, acuarelas, diarios, revistas…- la trayectoria vital y literaria de Antonio Machado, así como la especial relación que mantuvo siempre con su tierra, Andalucía
530 _aDisponible en formato digital
600 1 4 _aMachado, Antonio,
_d1875-1939-
_vExposiciones
_975155
651 7 _aBaza-
_xHistoria
_9157691
655 7 _aCatálogos de exposiciones
_2tgfbne
_9193628
700 1 _aChicharro Chamorro, José Luis
_eorm
_9152067
700 1 _aAlarcón Sierra, Rafael,
_d1968-
_eaut
_919145
710 1 _aBaeza.
_bAyuntamiento
_ehis
_eedt
_92083
710 2 _aSociedad Estatal de Acción Cultural (España)
_eedt
_9152069
852 4 _aES-MaACL
_bR.148671
_cDEPO1
_dOlim: N-5525
_hDonación Sociedad Estatal de Acción Cultural
_jA-12521
_9188330
852 4 _aES-MaACL
_cDEPO
_hDonación Sociedad Estatal de Acción Cultural
_jROT 2/7/3 (DVD-ROM)
856 4 _uhttps://www.cervantesvirtual.com/nd/ark:/59851/bmc1158217
_yVersión en línea
_z(Biblioteca Virtual Miguel de Cervantes)
856 4 _uhttps://www.accioncultural.es/es/antonio-machado-y-baeza-1912-2012-cien-anos-de-un-encuentro-ebook
_yVersión en línea
_z(Acción Cultural Española)
942 _2udc
_cMONOGRAFIA
_n0
999 _c181430
_d181430